| 000 | 00490nam a22001457a 4500 | ||
|---|---|---|---|
| 005 | 20251108172203.0 | ||
| 008 | 250721s9999 xx 000 0 ara d | ||
| 082 | 1 | 4 | _aط/013/موس |
| 245 | 1 | 0 |
_aالموسوعة العربية المبسطةى للمعارف و العلوم : _bالبطريق يتحدث عن الكهرباء / |
| 264 | 1 |
_aدمشق : _bدار مؤيد، _c[19-]. |
|
| 300 | _a38ص | ||
| 650 | 1 | 7 | _aالموسوعات العربية |
| 942 |
_2ddc _cBK |
||
| 999 |
_c72630 _d72630 |
||